[Event "British Rapidplay"]
[Site "Peterborough"]
[Date "2024.03.02"]
[Round "2"]
[White "Jones, Steven"]
[Black "Grigoryan, Meri"]
[Result "1-0"]
[WhiteElo "2217"]
[BlackElo "1977"]
[PlyCount "29"]
[EventDate "2024.03.02"]
[EventType "swiss (rapid)"]
[EventRounds "11"]
[EventCountry "ENG"]
[SourceTitle "CB10_2024"]
[SourceDate "2024.03.06"]
[SourceVersion "1"]
[SourceVersionDate "2024.03.06"]
[SourceQuality "1"]

1. e4 e5 2. Nf3 Nc6 3. Bb5 f5 4. Nc3 fxe4 5. Nxe4 d5 6. Nxe5 Qe7 7. d4 Bd7 8. Bxc6 Bxc6 9. Nc3 0-0-0 10. 0-0 Qf6 11. Qg4+ Bd7 12. Nxd7 Rxd7 13. Re1 Be7 14. Nxd5 Qf8 15. Nxe7+ 1-0

[Event "BCF-chT 2324 (4NCL)"]
[Site "England"]
[Date "2023.11.12"]
[Round "2.4"]
[White "Lampard, Alice"]
[Black "Grigoryan, Meri"]
[Result "1/2-1/2"]
[WhiteElo "1746"]
[BlackElo "1961"]
[PlyCount "149"]
[EventDate "2023.11.11"]
[EventType "team-tourn"]
[EventRounds "11"]
[EventCountry "ENG"]
[SourceTitle "CB46_2023"]
[SourceDate "2023.11.15"]
[SourceVersion "1"]
[SourceVersionDate "2023.11.15"]
[SourceQuality "1"]
[WhiteTeam "Alba"]
[BlackTeam "Wood Green Youth"]
[WhiteTeamCountry "ENG"]
[BlackTeamCountry "ENG"]

1. d4 d5 2. c4 e5 3. dxe5 d4 4. Nf3 Nc6 5. a3 a5 6. Nbd2 Nge7 7. Nb3 Nf5 8. e3 dxe3 9. Qxd8+ Nxd8 10. fxe3 Be7 11. g3 h5 12. Bd2 a4 13. Nbd4 c6 14. Bd3 Nh6 15. e4 Ne6 16. Nf5 Nc5 17. Bc2 Nxe4 18. Nxg7+ Kf8 19. Nxh5 Nxd2 20. Nxd2 Ng4 21. Nf4 Ra5 22. 0-0-0 Rxe5 23. Rdf1 Kg7 24. Nf3 Rc5 25. Nd2 Nxh2 26. Re1 Bg5 27. Re2 Bxf4 28. gxf4 Rch5 29. Rg2+ Kf8 30. Bd1 Rh4 31. Ne4 Be6 32. Nc5 Bf5 33. Nxb7 Be4 34. Rgxh2 Rxh2 35. Rxh2 Rxh2 36. Bxa4 Rf2 37. Nc5 Rxf4 38. Kd2 Bg2 39. Kc3 Ke7 40. Nd3 Rf5 41. Bc2 Rf1 42. Nc5 f5 43. Bd3 Rf2 44. a4 Bf1 45. a5 Bxd3 46. Nxd3 Rf1 47. Kd4 Kd6 48. b4 Ra1 49. Nf4 Rd1+ 50. Nd3 Ra1 51. Nf4 Ra4 52. Nd3 Ra3 53. Nf4 Rb3 54. Nd3 f4 55. c5+ Kc7 56. Kc4 Rb1 57. Nxf4 Kb7 58. Ne6 Rc1+ 59. Kb3 Rd1 60. Kc4 Re1 61. Nd4 Re3 62. a6+ Kxa6 63. Nxc6 Re1 64. b5+ Kb7 65. Na5+ Ka7 66. Nc6+ Kb7 67. Kd5 Rb1 68. Nd4 Rd1 69. Kc4 Rc1+ 70. Kb4 Rb1+ 71. Nb3 Rb2 72. Kc3 Rb1 73. Kc4 Rb2 74. Na5+ Kc7 75. Nb3 1/2-1/2

[Event "Titled Tuesday intern op 11th Jul Early"]
[Site "Chess.com INT"]
[Date "2023.07.11"]
[Round "8"]
[White "Grigoryan, Meri"]
[Black "Villuendas Valero, Adrian"]
[Result "1-0"]
[WhiteElo "1961"]
[BlackElo "2273"]
[PlyCount "101"]
[EventDate "2023.07.11"]
[EventType "swiss (blitz)"]
[EventRounds "11"]
[EventCountry "USA"]
[SourceTitle "EXT 2024"]
[Source "ChessBase"]
[SourceDate "2023.10.10"]
[SourceVersion "1"]
[SourceVersionDate "2023.10.10"]
[SourceQuality "1"]

1. d4 Nf6 2. Nf3 c5 3. dxc5 e6 4. Nc3 Bxc5 5. e3 d5 6. Bd3 Nc6 7. 0-0 0-0 8. e4 dxe4 9. Nxe4 Nxe4 10. Bxe4 Qxd1 11. Rxd1 Rd8 12. Bg5 f6 13. Bxc6 Rxd1+ 14. Rxd1 bxc6 15. Rd8+ Kf7 16. Be3 Be7 17. Rh8 h6 18. h4 Bb7 19. Rxa8 Bxa8 20. Bxa7 e5 21. a3 Ke6 22. Kf1 c5 23. Ke2 Kd7 24. c3 Kc6 25. b4 cxb4 26. axb4 Kb5 27. g3 Kc4 28. Nd2+ Kxc3 29. b5 Kb4 30. b6 Kb5 31. Kd3 Bc5 32. Nc4 Bxf2 33. b7 Bxb7 34. Bxf2 e4+ 35. Kd4 g5 36. Nd6+ Kc6 37. Nxb7 Kxb7 38. hxg5 hxg5 39. Kxe4 Kc6 40. Kf5 Kd7 41. Kxf6 Ke8 42. Kxg5 Kf7 43. g4 Kg7 44. Bd4+ Kf7 45. Kh6 Kg8 46. g5 Kf8 47. g6 Kg8 48. g7 Kf7 49. Kh7 Ke6 50. g8Q+ Kd6 51. Qg5 1-0

[Event "UK-ch Blitz (Women)"]
[Site "Leamington Spa"]
[Date "2022.12.03"]
[Round "15"]
[White "Grigoryan, Meri"]
[Black "Hryshchenko, Kamila"]
[Result "0-1"]
[WhiteElo "1918"]
[BlackElo "2039"]
[PlyCount "70"]
[EventDate "2022.12.03"]
[EventType "tourn (blitz)"]
[EventRounds "15"]
[EventCountry "ENG"]
[SourceTitle "CBM 211 Extra"]
[Source "ChessBase"]
[SourceDate "2023.01.31"]
[SourceVersion "1"]
[SourceVersionDate "2023.01.31"]
[SourceQuality "1"]

1. d4 g6 2. Nf3 Bg7 3. c3 d6 4. g3 Nf6 5. Bg2 0-0 6. 0-0 c6 7. Re1 Nbd7 8. e4 e5 9. Bg5 h6 10. Bxf6 Qxf6 11. dxe5 dxe5 12. Nbd2 Rd8 13. Qc2 Nb6 14. Rad1 Bg4 15. h3 Be6 16. Kh2 a5 17. Nf1 a4 18. Ne3 Bxa2 19. Rxd8+ Rxd8 20. c4 Qe7 21. Qc3 Qc5 22. Nd2 Qd4 23. Qa3 Bxc4 24. Ndxc4 Nxc4 25. Nxc4 Qxc4 26. Qe7 Rd2 27. Qxb7 Rxf2 28. Qa8+ Kh7 29. Qe8 Qc2 30. Rg1 Qxb2 31. Qxc6 a3 32. g4 a2 33. Qa6 a1Q 34. Qxa1 Rxg2+ 35. Rxg2 Qxa1 0-1

[Event "Amazons Pride Blitz"]
[Site "Chess.com INT"]
[Date "2021.10.23"]
[Round "3"]
[White "Sviridova, Vlada"]
[Black "Grigoryan, Meri"]
[Result "1-0"]
[WhiteElo "2144"]
[BlackElo "2044"]
[PlyCount "129"]
[EventDate "2021.10.23"]
[EventType "swiss (blitz)"]
[EventRounds "9"]
[EventCountry "USA"]
[SourceTitle "CBM 204 Extra"]
[Source "ChessBase"]
[SourceDate "2021.11.30"]
[SourceVersion "1"]
[SourceVersionDate "2021.11.30"]
[SourceQuality "1"]

1. d4 d5 2. c4 e5 3. dxe5 d4 4. Nf3 Nc6 5. a3 a5 6. g3 Nge7 7. Bg2 Ng6 8. 0-0 Ngxe5 9. Nbd2 Be7 10. b3 0-0 11. Bb2 Nxf3+ 12. Nxf3 Bf6 13. Qd2 Bg4 14. Rad1 Bxf3 15. Bxf3 Rb8 16. Bd5 Ne7 17. Bxd4 Nxd5 18. cxd5 Bxd4 19. Qxd4 Qd6 20. Qa4 Rfe8 21. e3 b5 22. Qxa5 Ra8 23. Qb4 Rxa3 24. Qxd6 cxd6 25. Rb1 Rc8 26. Rfc1 Rxc1+ 27. Rxc1 Kf8 28. Rc8+ Ke7 29. Rc7+ Kf6 30. Rc3 Ke5 31. Rd3 Ke4 32. Rd4+ Ke5 33. b4 Rb3 34. Kg2 f5 35. f4+ Kf6 36. Kf3 h6 37. h3 g5 38. g4 fxg4+ 39. hxg4 gxf4 40. Kxf4 Rb1 41. Ke4 Rg1 42. Kf3 Rf1+ 43. Ke2 Rg1 44. Rf4+ Ke5 45. Rf5+ Ke4 46. Rf4+ Ke5 47. Kd3 Rd1+ 48. Kc3 Kxd5 49. Rf5+ Ke4 50. Rxb5 Kxe3 51. Rh5 Kf4 52. Rxh6 Kxg4 53. b5 Kf4 54. b6 Ke5 55. Kc4 Rb1 56. Rh5+ Ke6 57. Rb5 Rc1+ 58. Kd4 Rd1+ 59. Ke4 Re1+ 60. Kd3 Rd1+ 61. Kc2 Rh1 62. b7 Rh8 63. b8Q Rxb8 64. Rxb8 Ke5 65. Kd3 1-0

[Event "Titled Tuesday intern op 31st Aug"]
[Site "Chess.com INT"]
[Date "2021.08.31"]
[Round "4"]
[White "Dauletova, Gulmira"]
[Black "Grigoryan, Meri"]
[Result "0-1"]
[WhiteElo "2257"]
[BlackElo "2044"]
[PlyCount "70"]
[EventDate "2021.08.31"]
[EventType "swiss (blitz)"]
[EventRounds "11"]
[EventCountry "USA"]
[SourceTitle "EXT 2022"]
[Source "ChessBase"]
[SourceDate "2021.10.06"]
[SourceVersion "1"]
[SourceVersionDate "2021.10.06"]
[SourceQuality "1"]

1. e4 e5 2. Nf3 Nc6 3. Bb5 a6 4. Ba4 Nf6 5. 0-0 b5 6. Bb3 Be7 7. Re1 0-0 8. a4 Rb8 9. d3 b4 10. Nbd2 d5 11. exd5 Nxd5 12. Nc4 Bg4 13. Ncxe5 Nxe5 14. Rxe5 c6 15. h3 Be6 16. Re1 Bd6 17. Bg5 Qc7 18. d4 h6 19. Bd2 Rfe8 20. Ne5 c5 21. Bxd5 Bxd5 22. Qg4 Bxe5 23. dxe5 Re6 24. Bf4 Rg6 25. Qd1 Rxg2+ 26. Kf1 Rd8 27. Bg3 Qb7 28. Qe2 Bf3 29. Qc4 Bd5 30. Qe2 Bf3 31. Qc4 Rd2 32. Qxc5 a5 33. Re3 Qa6+ 34. Qb5 Qc8 35. Rxf3 Qxh3 0-1

[Event "Titled Tuesday intern op 17th Aug"]
[Site "Chess.com INT"]
[Date "2021.08.17"]
[Round "8"]
[White "Bach, Ngoc Thuy Duong"]
[Black "Grigoryan, Meri"]
[Result "1-0"]
[WhiteElo "2198"]
[BlackElo "2044"]
[PlyCount "103"]
[EventDate "2021.08.17"]
[EventType "swiss (blitz)"]
[EventRounds "11"]
[EventCountry "USA"]
[SourceTitle "EXT 2022"]
[Source "ChessBase"]
[SourceDate "2021.10.06"]
[SourceVersion "1"]
[SourceVersionDate "2021.10.06"]
[SourceQuality "1"]

1. d4 d5 2. c4 e5 3. dxe5 d4 4. Nf3 Nc6 5. Nbd2 Nge7 6. Nb3 Ng6 7. a3 Be7 8. Nfxd4 Nxd4 9. Qxd4 Qxd4 10. Nxd4 Nxe5 11. e3 0-0 12. Bd2 c5 13. Nb5 Be6 14. Rc1 Rfc8 15. f4 Bh4+ 16. Kd1 Bg4+ 17. Kc2 Bf5+ 18. Kc3 Ng4 19. Nd6 Bf6+ 20. Kb3 Nf2 21. Nxc8 Nxh1 22. Be2 Rxc8 23. Rxh1 Rd8 24. Bc3 Bxc3 25. Kxc3 Be4 26. Rg1 f5 27. g3 Kf7 28. Rd1 Rxd1 29. Bxd1 Ke6 30. Bc2 h5 31. b4 Bxc2 32. Kxc2 Kd6 33. Kc3 b6 34. Kd3 g6 35. e4 a5 36. e5+ Ke6 37. bxc5 bxc5 38. Ke3 a4 39. Kf3 Kd7 40. h3 Ke6 41. Kf2 Kd7 42. g4 hxg4 43. hxg4 Ke6 44. Kg3 Kd7 45. Kh4 Ke6 46. Kg5 fxg4 47. Kxg4 Ke7 48. Kg5 Kf7 49. f5 gxf5 50. Kxf5 Ke7 51. Kf4 Ke6 52. Ke4 1-0

[Event "Titled Tuesday intern op 17th Aug"]
[Site "Chess.com INT"]
[Date "2021.08.17"]
[Round "3"]
[White "Grigoryan, Meri"]
[Black "Ladan, Nicholas John"]
[Result "0-1"]
[WhiteElo "2044"]
[BlackElo "2149"]
[PlyCount "54"]
[EventDate "2021.08.17"]
[EventType "swiss (blitz)"]
[EventRounds "11"]
[EventCountry "USA"]
[SourceTitle "EXT 2022"]
[Source "ChessBase"]
[SourceDate "2021.10.06"]
[SourceVersion "1"]
[SourceVersionDate "2021.10.06"]
[SourceQuality "1"]

1. d4 d5 2. c4 c6 3. cxd5 cxd5 4. Nc3 Nc6 5. Nf3 Nf6 6. Bf4 Bf5 7. e3 e6 8. Bd3 Bxd3 9. Qxd3 Bd6 10. Ne5 0-0 11. Nxc6 bxc6 12. Bg5 h6 13. Bh4 Rb8 14. Rb1 c5 15. dxc5 Bxc5 16. 0-0 Be7 17. Rfd1 Rb4 18. Bg3 Qb6 19. b3 Rc8 20. Ne2 Qa5 21. Rbc1 Rxc1 22. Rxc1 g6 23. Rc8+ Kg7 24. a4 Rxb3 25. Qd1 Qxa4 26. Be5 Ra3 27. h3 Qxd1+ 0-1

[Event "Titled Tuesday intern op 03rd Aug"]
[Site "Chess.com INT"]
[Date "2021.08.03"]
[Round "2"]
[White "Manukian, Artak"]
[Black "Grigoryan, Meri"]
[Result "0-1"]
[WhiteElo "2196"]
[BlackElo "2044"]
[PlyCount "80"]
[EventDate "2021.08.03"]
[EventType "swiss (blitz)"]
[EventRounds "11"]
[EventCountry "USA"]
[SourceTitle "CBM 203 Extra"]
[Source "ChessBase"]
[SourceDate "2021.09.30"]
[SourceVersion "1"]
[SourceVersionDate "2021.09.30"]
[SourceQuality "1"]

1. e4 c6 2. d4 d5 3. e5 Bf5 4. c4 dxc4 5. Bxc4 e6 6. Nc3 Ne7 7. Nf3 Nd5 8. 0-0 Be7 9. Qe2 0-0 10. Ne4 Nd7 11. a3 Rc8 12. Ba2 c5 13. dxc5 Nxc5 14. Nxc5 Rxc5 15. Bd2 Qb6 16. b4 Rc2 17. Bb1 Rb2 18. Bxf5 exf5 19. Qd3 Rd8 20. Qxf5 g6 21. Qe4 Bf8 22. Bg5 Rd7 23. Rad1 Nc3 24. Qh4 Nxd1 25. Bf6 Nxf2 26. h3 Nxh3+ 27. Kh2 Nf2 28. Ng5 h5 29. e6 Ng4+ 30. Qxg4 hxg4 31. exd7 Rd2 32. Ne4 Qc7+ 33. Kh1 Rd5 34. Ba1 Rxd7 35. Nf6+ Kg7 36. Nxd7+ Kh6 37. Nxf8 g3 38. Bd4 Qc4 39. Bc5 Qh4+ 40. Kg1 Qh2# 0-1